• 首页
  • 本馆介绍
  • 公告通知
  • 最新文献
  • 馆藏检索
  • 电子资源
  • 读者导购
  • 参考咨询
  • 我的图书馆
  • 登录
  • 详细信息显示
  • 放入我的书架
  • 预约/预借图书
  • 作者相关作品
  • 分类相关作品
  • 丛书相关作品
  • 出版社相关作品

书目信息

  • 表格格式
  • 工作单格式
  • 卡片格式
题名:
载波机晶体管电路基础
    
 
作者: ;江苏省邮电管理局《载波机晶体管电路基础》编写组 编
分册:  
出版信息: 北京   人民邮电出版社  1976
页数: 218页
开本: 19cm
丛书名: 电信技术基础自学丛书
单 册:
中图分类: TN-51
科图分类:
主题词: 载波机-晶体管电路--理论 , 晶体管电路-载波机--理论 , 无线电电子学 , 通信技术
电子资源:
ISBN:
000 01011nam2 2200277 45
001 0176001193
005 20060426160553.87
010    @dCNY0.56
100    @a19951013d1976 em y0chiy0121 ea
101 0  @achi
102    @aCN@b110000
105    @ay z 000yy
200 10 @a载波机晶体管电路基础@Azai bo ji jing ti guan dian lu ji chu@f江苏省邮电管理局《载波机晶体管电路基础》编写组编@Fjiang su sheng you dian guan li ju《zai bo ji jing ti guan dian lu ji chu》bian xie zu bian
210    @a北京@c人民邮电出版社@d1976
215    @a218页@d19cm
225 2  @a电信技术基础自学丛书
410  0 @120010@a电信技术基础自学丛书
606    @a载波机-晶体管电路@x理论
606    @a晶体管电路-载波机@x理论
606 0  @a无线电电子学
606 0  @a通信技术
690    @aTN-51@v3 
711  0 @a江苏省邮电管理局《载波机晶体管电路基础》编写组@Ajiang su sheng you dian guan li ju《zai bo ji jing ti guan dian lu ji chu》bian xie zu@4编
801  2 @aCN@bNLC@c20060426
801  0 @aCN@bTSSF
905    @a10447@dTN-51@e2
    
    载波机晶体管电路基础/江苏省邮电管理局《载波机晶体管电路基础》编写组编.-北京:人民邮电出版社,1976
    218页;19cm.-(电信技术基础自学丛书)
    
    
    ISBN :CNY0.56
    
●
相关链接 在E读中查询图书 在五车中查询图书 在当当中查询图书 在豆瓣中查询图书


正题名:载波机晶体管电路基础     索取号:TN-51/2         预约/预借

序号 登录号 条形码 馆藏地/架位号 状态 备注
1 0008847   202289870   密集书库/ [索取号:TN-51/2] 在馆    
2 0008849   202289905   密集书库/ [索取号:TN-51/2] 在馆    
唐山师范学院图书馆 欢迎您!
大连网信软件有限公司© 版权所有